Historia de la fotografía.

Сохранить в:
Библиографические подробности
Главный автор: Sougez, Marie-Loup (autora)
Формат:
Опубликовано: Madrid, España: Cátedra, 2009.
Редактирование:Undécima edición.
Серии:Cuadernos de Arte Cátedra ;
Предметы:
Метки: Добавить метку
Нет меток, Требуется 1-ая метка записи!

MARC

LEADER 00000nam a22000007a 4500
003 CL-VaPUC
005 20250321101920.0
008 250115t2009 ||||| |||| 00| 0 eng d
999 |c 446529  |d 446527 
020 |a 978-84-376-0288-2 
040 |c Pontificia Universidad Católica de Valparaíso 
082 7 |a 770.9 SOU 2009  |2 22 
100 1 |a Sougez, Marie-Loup  |e autora  |9 895418 
245 |a Historia de la fotografía.  
250 |a Undécima edición. 
260 |a Madrid, España:  |b Cátedra,  |c 2009. 
300 |a 518 páginas:  |b ilustraciones. 
490 |a Cuadernos de Arte Cátedra ;  |n  12 
500 |a c.1-c.2- Instituto Arcos 8-1-2025 
583 |c 20250115  |k GC 
650 |a Fotografía   |x Historia  |9 895419 
942 |2 ddc  |c BK  |n 0 
952 |0 0  |1 0  |2 ddc  |4 0  |6 770_900000000000000_SOU_2009  |7 0  |8 A  |9 599317  |a BIBINC  |b BIBINC  |d 2025-01-15  |e Instituto Arcos   |i 5664346  |l 1  |o 770.9 SOU 2009  |p 5664346  |r 2025-04-14  |s 2025-03-25  |t 1  |w 2025-01-15  |y BK  |k IFP 
952 |0 0  |1 0  |2 ddc  |4 0  |6 770_900000000000000_SOU_2009  |7 0  |8 A  |9 599318  |a BIBINC  |b BIBINC  |d 2025-01-15  |e Instituto Arcos   |i 5664347  |o 770.9 SOU 2009  |p 5664347  |r 2025-01-15  |t 2  |w 2025-01-15  |y BK  |k IFP